effect of water hyacinth rates in straw on growth of straw mushroom ឥទ្ធពលនៃកអត្រាកំប្លោកក្នុងចំបើងលើការលូតលាស់ផ្សិតចំបើង (Record no. 17995)
[ view plain ]
| 000 -LEADER | |
|---|---|
| fixed length control field | 00608nam a22001577a 4500 |
| 003 - CONTROL NUMBER IDENTIFIER | |
| control field | OSt |
| 005 - DATE AND TIME OF LATEST TRANSACTION | |
| control field | 20190717131907.0 |
| 008 - FIXED-LENGTH DATA ELEMENTS--GENERAL INFORMATION | |
| fixed length control field | 190717b xxu||||| |||| 00| 0 eng d |
| 040 ## - CATALOGING SOURCE | |
| Transcribing agency | RUA |
| 082 ## - DEWEY DECIMAL CLASSIFICATION NUMBER | |
| Classification number | AGR PHO 2017 B636 Or.1 |
| 100 ## - MAIN ENTRY--PERSONAL NAME | |
| 9 (RLIN) | 13661 |
| Personal name | PHORN RA ភាន់រ៉ា |
| 245 ## - TITLE STATEMENT | |
| Title | effect of water hyacinth rates in straw on growth of straw mushroom ឥទ្ធពលនៃកអត្រាកំប្លោកក្នុងចំបើងលើការលូតលាស់ផ្សិតចំបើង |
| 260 ## - PUBLICATION, DISTRIBUTION, ETC. (IMPRINT) | |
| Place of publication, distribution, etc. | RUA |
| Name of publisher, distributor, etc. | Phnom penh |
| Date of publication, distribution, etc. | 2017 |
| 300 ## - PHYSICAL DESCRIPTION | |
| Extent | ix;42p |
| Other physical details | ill; |
| Dimensions | 29cm |
| 942 ## - ADDED ENTRY ELEMENTS (KOHA) | |
| Source of classification or shelving scheme | |
| Koha item type | AGR |
| Price effective from | Date last seen | Permanent Location | Not for loan | Date acquired | Source of classification or shelving scheme | Koha item type | Lost status | Withdrawn status | Date last checked out | Total Checkouts | Shelving location | Damaged status | Barcode | Current Location | Full call number |
|---|---|---|---|---|---|---|---|---|---|---|---|---|---|---|---|
| 2019-07-17 | 2019-07-17 | Library Block B | 2019-07-17 | AGR | B636 | A41086 | Library Block B | AGR PHO 2017 B636 Or.1 | |||||||
| 2019-07-17 | 2019-07-17 | Library Block B | 2019-07-17 | AGR | B636 | A40755 | Library Block B | AGR PHO 2017 B636 Or.2 | |||||||
| 2019-07-17 | 2023-01-09 | Library Block B | 2019-07-17 | AGR | 2022-12-09 | 2 | B636 | A40487 | Library Block B | AGR PHO 2017 B636 Or.3 | |||||
| 2019-07-17 | 2019-07-17 | Library Block B | 2019-07-17 | AGR | B636 | A40477 | Library Block B | AGR PHO 2017 B636 Or.4 | |||||||
| 2019-07-17 | 2024-11-19 | Library Block B | 2019-07-17 | AGR | 2024-11-01 | 5 | B636 | A40684 | Library Block B | AGR PHO 2017 B636 Or.5 | |||||
| 2019-07-17 | 2019-07-17 | Library Block B | 2019-07-17 | AGR | B636 | A40332 | Library Block B | AGR PHO 2017 B636 Or.6 |